000 01628nam a2200325 a 4500
001 BRCA_2999
005 20190320204049.0
008 190109s1639----fr-#---###---#000-0#fre-u
041 _afre
044 _afr
084 _a319
_b.C68
_c1639
100 1 _aCervantes Saavedra, Miguel de
_d1547-1616
_9213
245 1 0 _aLe Valereux Dom Quisote de la Manche
_bov L´Histoire de ses Grands Exploicts D´Armes, Fideles Amours, et Adventures Estranges
_cTraduit Fidellement de L´Espagnol de Michel de Cervantes. Dedi, au Roy par Cesar Ovdin.
260 _aParís
_bArnovld Cottinet
_c1639
300 _a1 v.
_c25 cm.
500 _aContenido : Primera parte. Dedicatoria al Rey por Oudin. Prólogo del autor. Texto. SEgunda parte. Traducción por F. de Rosset. Dedicatoria del traductor. Texto
500 _aReimpresión de la edición de 1622, publicada por Denis Moreav. En la portada lleva la misma ilustración gráfica que el primer tomo (del número LO-318) con el que constituye la segunda edición completa en lengua gala, bajo una misma fecha, lugar e impresor. Pergamino Lúdovik Osterc
500 _aExistencias : Complementa al LO-318
500 _aQM243
546 _aTexto en : francés
650 1 4 _aNovela española
_yÉpoca clásica, 1500-1700
_9215
650 1 4 _aLiteratura española
_yÉpoca clásica, 1500-1700
_9216
650 1 4 _aNovela española
_ySiglo XVII
_9217
650 1 4 _aDon Quijote (Personaje ficticio)
_eNovela
_9218
700 1 _aOudin, César
_d?-1625
_98288
700 1 _aRosset, Francois
_98289
740 0 _aEl Ingenioso Hidalgo Don Quijote de la Mancha
902 _aQFM
942 _2lcc
_cB
999 _c2737
_d2737